000 02159cam a22002055a 4500
001 L159216
008 070404s2010 xxko f 000 0 eng d
035 _a(Sirsi) u159216
041 0 _aeng
050 0 4 _a333.00711 $2 18
110 2 _aRoyal Institution of Chartered Surveyors
_bEducation Trust
_947
245 0 0 _aAnnual review of the RICS educational trust 2010
_h[electronic resource]
260 _aLondon
_bRICS
_c2010
505 2 _aTax Increment Financing: an opportunity for the UK? -- What women want: identifying female home ownership patterns in Australia -- Land tenure and the territorial approach to climate change in Uganda -- Improving the readiness of chartered surveyors in providing flood adaptation advice -- Development of methodology and training package for valuing unregistered urban and rural land and property in East Africa -- BIDs, economic recession and the future of stakeholder-led public realm management -- Why should we use sentiment surveys to pre-empt economic activities? A fresh look at residential and commercial real estate markets -- Land Leverage Dynamics in Property Markets -- Investigation of the linkages between Corporate Social Responsibility (CSR), asset selection and financial performance -- An applied behavioural economics model of owner occupied housing choice -- Sectoral and spatial spill-over effects of infrastructure investment: a case study of Bangalore, India -- Local Empowerment and Strategic Co-ordination: a review of changing practices in infrastructure planning at the sub-regional level in England -- The new waterfront: who benefits?
520 _aPresents summaries of the 18 research projects which received funding totalling £101 260 from the Trust in 2010. In addition to this, they made six travel bursaries to post-graduate students. Also details publications published as a result of this research and lists the individual trustees.
651 4 _aEngland and Wales
_y1543-
690 _aCAREERS, EDUCATION AND TRAINING
856 4 8 _uhttps://www.rics.org/Global/RICS%20Education%20Trust%202010%20Annual%20Review.pdf
_zView the item free of charge at www.rics.org...
942 _n0
999 _c115744
_d115744